000 01749nam0a22003371 4500
001 v19\rc\1635405
005 20260406100335.0
035 _a(NLR Aleph) 004838727
090 _a4798996
_c4798996
100 _a20061002d1900 |||y0rusy50 ca
101 0 _arus
102 _aRU
105 _ac z |||cb
200 1 _aЭдисон и Морзе, их жизнь и научно-практическая деятельность
_eДва биогр. очерка А.В. Каменского
_fС портр. Эдисона и Морзе, грав. в Лейпциге Геданом
205 _a2-е изд.
210 _aСанкт-Петербург
_cтип. т-ва "Обществ. польза"
_d1900
215 _a80 с., 1 л. фронт. (портр.), 1 л. портр.
_d18
225 1 _aЖизнь замечательных людей. Биографическая библиотека Флорентия Павленкова
320 _aБиблиогр. в предисл.
700 1 _7ca
_8rus
_aКаменский
_bА. В.
_cжурналист, переводчик
_f1843-1913
_gАндрей Васильевич
_9103915
_3RU\NLR\AUTH\77120990
702 1 _4440
_7ca
_8rus
_aГедан
_bГ.
_cгравер
_f19 в.
_gГерман
_958771
_3RU\NLR\AUTH\7775843
702 1 _4570
_7ca
_8rus
_aЭдисон
_bТ. А.
_f1847-1931
_gТомас Алва
_978661
_3RU\NLR\AUTH\7795735
702 1 _4570
_7ca
_8rus
_aМорзе
_bС.
_f1791-1872
_gСэмюэл
_9103944
_3RU\NLR\AUTH\77121019
790 1 _9z01702
_aМорзе
_bС.
_f1791-1872
_gСамуил
801 0 _aRU
_bNLR
_gpsbo
801 1 _aRU
_bProSoft-M
_2rusmarc
801 2 _aRU
_bNLR
_c20130311
_2rusmarc
852 _aNLR
_j18.17.6.127
852 _aNLR
_bМф
_jК1/4765
942 _cBOOK
980 _aNB